| Tag |
First Indicator |
Second Indicator |
Subfields |
| LEADER |
00000nam a2200000 4500 |
| 001 |
in00004210941 |
| 005 |
20200807080121.0 |
| 006 |
m g d |
| 007 |
cr bn |||a|bb| |
| 008 |
911210s1634 enk o 00| | eng d |
| 035 |
|
|
|a (UnM)99847702
|
| 037 |
|
|
|a CL0036000032
|b ProQuest. 789 E. Eisenhower Parkway, Ann Arbor, MI 48108-3218
|
| 040 |
|
|
|a Cu-RivES
|c Cu-RivES
|d CStRLIN
|e dcrb
|d WaOLN
|
| 100 |
1 |
|
|a Masterson, Thomas.
|
| 245 |
1 |
0 |
|a Masterson's arithmetick :
|b shewing the ingenious inventions, and figurative operations, to calculate the true solution or answer of arithmeticall questions, after a more perfect, plaine, briefe, and well ordered arithmeticall way, than any other hertofore published: no lesse pleasant and profitable to those which are given to merchandizing, than all others of any profession whatsoever. Newly set forth, with brief and easie explanations of every question fully wrought out. By Humfrey Waynman, Mr. of the Lady Ramseys Free-Writing-Schoole in Christs Hospitall, London.
|
| 246 |
2 |
|
|a Thomas Masterson his second book of arithmeticke.
|
| 246 |
2 |
|
|a Explanation of the former rules of fractions.
|
| 260 |
|
|
|a London:
|b Printed by George Miller dwelling in the Blacke-Friers,
|c M.DC.XXXIV. [1634]
|
| 300 |
|
|
|a 1 online resource ([8], 28, [2], 242, 263-271, [5], 23, [3] pages)
|
| 336 |
|
|
|a text
|b txt
|2 rdacontent
|
| 337 |
|
|
|a computer
|b c
|2 rdamedia
|
| 338 |
|
|
|a online resource
|b cr
|2 rdacarrier
|
| 500 |
|
|
|a The first book is a reprint of "Thomas Masterson his first booke of arithmeticke".
|
| 500 |
|
|
|a "Thomas Masterson his second book of arithmeticke" and "An explanation of the former rules of fractions" have separate dated title pages and pagination; register is continuous. These sections are not related to previously published additions to the first book.
|
| 500 |
|
|
|a Reproduction of the original in the British Library.
|
| 510 |
4 |
|
|a STC (2nd edition)
|c 17649.
|
| 533 |
|
|
|a Electronic reproduction.
|b Ann Arbor, Mich. :
|c UMI,
|d 1999-
|f (Early English books online)
|n Digital version of: (Early English books, 1475-1640 ; 1178:6)
|7 s1999 miun s
|
| 650 |
|
0 |
|a Arithmetic
|v Early works to 1900.
|
| 700 |
1 |
|
|a Waynman, Humfrey.
|
| 700 |
1 |
|
|a Masterson, Thomas.
|t Thomas Masterson his first booke of arithmeticke.
|
| 730 |
0 |
|
|a Thomas Masterson his first booke of arithmeticke.
|
| 830 |
|
0 |
|a Early English books online.
|
| 856 |
4 |
0 |
|u http://proxy.library.tamu.edu/login?url=https://search.proquest.com/docview/2240906449
|z Connect to the full text of this electronic book
|t 0
|
| 999 |
f |
f |
|s a6529caa-303f-3aab-93ec-d03ae993b49d
|i 1afefe7e-bd43-3802-a56a-67756568eca0
|t 0
|
| 952 |
f |
f |
|a Texas A&M University
|b College Station
|c Electronic Resources
|d Available Online
|t 0
|h No information provided
|
| 998 |
f |
f |
|t 0
|l Available Online
|